Social Development in Twenty First Century (Record no. 14097)

MARC details
000 -LEADER
fixed length control field 00609nam a2200241 a 4500
020 ## - INTERNATIONAL STANDARD BOOK NUMBER
ISBN
082 00 - DEWEY DECIMAL CLASSIFICATION NUMBER
Classification number 305.8
Author Cutter KHA
100 ## - MAIN ENTRY--AUTHOR NAME
Author name Khan, M Abbas
245 ## - TITLE STATEMENT
Title Social Development in Twenty First Century
260 ## - PUBLICATION, DISTRIBUTION, ETC. (IMPRINT)
Place of publication Delhi
Name of publisher Anmol Publishers
Year of publication 2005
300 ## - PHYSICAL DESCRIPTION
Number of Pages 376p
500 ## - GENERAL NOTE
General note includes index and biblioraphy
505 2# - FORMATTED CONTENTS NOTE
Formatted contents note Bibliography
650 ## - SUBJECT ADDED ENTRY--TOPICAL TERM
Topical Term Sociology-Development-Methodology
942 ## - ADDED ENTRY ELEMENTS (KOHA)
Koha item type Books
700 1# -
-- Khan, M Abbas
Holdings
Collection code Home library Current library Date acquired Cost, normal purchase price Full call number Accession Number Koha item type
  Henry Martyn Institute Library Henry Martyn Institute Library 07/07/2010 995.00 305.8 KHA 021462 Books
                   Copyright © 2026 | Henry Martyn Institute | Hyderabad | TS-500052 | INDIA | Implemented by hmi.edu.in
Hit-Count:

Powered by Koha